Surveyor North West (Record no. 118942)

MARC details
000 -LEADER
fixed length control field 00561cas a22001815 4500
001 - CONTROL NUMBER
control field L138071
008 - FIXED-LENGTH DATA ELEMENTS--GENERAL INFORMATION
fixed length control field 070515c20012001xxktr p 0 a0eng u
035 ## - SYSTEM CONTROL NUMBER
System control number (Sirsi) u138071
041 0# - LANGUAGE CODE
Language code of text/sound track or separate title eng
110 2# - MAIN ENTRY--CORPORATE NAME
Corporate name or jurisdiction name as entry element Royal Institution of Chartered Surveyors
Subordinate unit Greater Manchester Branch
9 (RLIN) 5191
245 00 - TITLE STATEMENT
Title Surveyor North West
260 ## - PUBLICATION, DISTRIBUTION, ETC.
Place of publication, distribution, etc. Manchester
Name of publisher, distributor, etc. RICS
Date of publication, distribution, etc. [198?]-2001
362 0# - DATES OF PUBLICATION AND/OR SEQUENTIAL DESIGNATION
Dates of publication and/or sequential designation July 1992-December 1993; Summer 2000
554 ## -
-- 3 issues a year
651 #4 - SUBJECT ADDED ENTRY--GEOGRAPHIC NAME
Geographic name GREATER MANCHESTER
690 ## - LOCAL SUBJECT ADDED ENTRY--TOPICAL TERM (OCLC, RLIN)
Topical term or geographic name as entry element MANAGEMENT-BUSINESS MANAGEMENT-PROFESSIONAL PRACTICE
942 ## - ADDED ENTRY ELEMENTS (KOHA)
Suppress in OPAC 0
Holdings
Withdrawn status Lost status Source of classification or shelving scheme Damaged status Not for loan Home library Current library Shelving location Date acquired Total Checkouts Full call number Barcode Date last seen Price effective from Koha item type
    Dewey Decimal Classification     London London Basement 15/05/2007   SURVEYOR NORTH WEST 138071-1001 06/08/2019 06/08/2019 Journal